000 01071cam a2200277uic4500
001 6340926
003 EG-ScBUE
005 20250227112557.0
008 830608s1957 nyua f 000 0 eng d
040 _aEG-ScBUE
_beng
_erda
_cEG-ScBUE
_dEG-ScBUE
082 0 4 _222
_a515.8
_bHOB
100 1 _aHobson, Ernest William,
_d1856-1933,
_eauthor.
_97014
245 1 4 _aThe theory of functions of a real variable and the theory of fourier's series.
_nvolume 2 /
_cby E. W. Hobson.
250 _aFirst edition.
264 1 _aNew York :
_bDover Publications,
_c1957.
300 _a780 pages :
_billustrations ;
_c27 cm
336 _2rdacontent
_atext
_btxt
337 _aunmediated
_2rdamedia
_bn
338 _avolume
_bnc
_2rdacarrier
500 _a"An unabridged and unaltered republication of the last revision [volume 1, third edition, 1927, and volume 2, second edition, 1926, respectively]"
650 7 _aFunctions of real variables.
_97013
_2BUEsh
650 7 _aIntegrals, Generalized.
_2BUEsh
650 7 _aFourier series.
_2BUEsh
655 _vReading book
942 _2ddc
_cBB
999 _c12053
_d12053